Регионална библиотека "Любен Каравелов" - Русе

Корабите през вековете (Запис номер 134898)

MARC детайли
000 -Лидер
Контролно поле с фиксирана дължина 01478nam a2200385 c 4500
003 - Код на организацията, давaща контролен номер
Контролно поле BLK
005 - Дата и час на последна редакция
Контролно поле 20180422111839.0
008 - Елементи от данни с фиксирана дължина
fixed length control field 180409b bul|||||r ||||||| ||bul||
010 ## - Наследен системен номер
LC control number KNG00140818000
040 ## - Източник на каталожния запис
Идентификатор на билиотеката - собственик на записа BLK
041 ## - Код за език
Код за езика на текст/звукозапис или на отделно заглавие Български
Код за езика КДБФ Български
080 ## - УДК
Текстов определител УДК Кораби с платна
УДК код - определител по УДК 629.123.1
УДК определител (02.062)
УДК - код + определител 629.123.1(02.062)
100 1# - Редна дума - Автор
Автор Мардешич, Петър
Авторска отговорност първи автор
R(LIN) 92587
139 ## - Редно поле
Редна дума Мардешич, Петър
Авторски знак Мар - М 29
245 10 - Сведения за заглавието
Заглавие Корабите през вековете
Редно поле (дума) Петър Мардешич; ил. Емур; прев. от сръб. Владимир Рачев; ред. Любомир Павлов.
257 ## - Страна на издаване
Страна на създаване/издаване Югославия
260 ## - Област на издателските данни
-- София
Име на издателя, разпространителя и проч. Нар. култура
Година на издаване 1962
Печатница Beograd : Radisa Timotic
300 ## - Физическа характеристика
Страници 28 с.
Илюстрации и др. с ил.
Размери/Мащаб 25 см
380 ## - Жанр
Жанр Техника
650 #4 - Допълнително описание по предмет – тема
Основно описание – тема или топоним Кораби
9 (RLIN) 159349
650 #4 - Допълнително описание по предмет – тема
Основно описание – тема или топоним Корабоплаване
9 (RLIN) 159415
653 ## - Ключова дума – ненормативна
Ключова дума кораби
653 ## - Ключова дума – ненормативна
Ключова дума история
653 ## - Ключова дума – ненормативна
Ключова дума корабоплаване
653 ## - Ключова дума – ненормативна
Ключова дума литература за деца
653 ## - Ключова дума – ненормативна
Ключова дума детска литература
700 1# - Други автори (авторска отговорност)
Лично име Емур
Автороска отговорност (Описва отношението между автора и произведението) ил.
9 (RLIN) 67181
700 1# - Други автори (авторска отговорност)
Лично име Рачев, Владимир
Автороска отговорност (Описва отношението между автора и произведението) прев. от сръб.
9 (RLIN) 324551
700 1# - Други автори (авторска отговорност)
Лично име Павлов, Любомир
Автороска отговорност (Описва отношението между автора и произведението) ред.
9 (RLIN) 377608
852 ## - Местоположение
Форматна сигнатура Цб 246849
856 4# - Електронен адрес и достъп
Електронен формат pdf - файл
Път до файла /url/
856 4# - Електронен адрес и достъп
Електронен формат pdf - файл
Път до файла /url/
942 ## - АРТИКУЛИ
Вид на библиотечния материал Книги
Скрит в OPAC Не
944 ## - СЪЗДАВАНЕ И РЕДАКЦИЯ на ЗАПИСА
Създаване/Редакция Създаване
Дата на регистрацията/редакция 14.03.2013
Статус, дата на статуса 14.03.2013 - от С1,Р / 14.03.2013
Служител, извършил регистрацията/редакцията Севдалина_Василева
944 ## - СЪЗДАВАНЕ И РЕДАКЦИЯ на ЗАПИСА
Създаване/Редакция Редакция
Дата на регистрацията/редакция 14.03.2013
Статус, дата на статуса 14.03.2013 - от С1,Р / 14.03.2013
Служител, извършил регистрацията/редакцията
999 ## - СИСТЕМНИ КОНТРОЛНИ НОМЕРА
Koha biblionumber 134898
Koha biblioitemnumber 134898
Наличности
Код за отписване Код за изгубен артикул Код за повреда Коз за рестрикции Код за отдаване Артикулен № Име на библиотеката - собственик Име на библиотеката, в която се намира в момента Статус (Текущо местоположение) Дата на вписване в системата Местоположение - отдел Цена в лева Инвентарен номер Систематично азбучна сигнатура Баркод Номер на екземпляра Цена в евро Служебна бележка Служебен тип на артикула Източник на класификационната схема
  Не е изгубен Не е повреден без рестрикции ползва се в читалня 220589 Регионална библиотека "Любен Каравелов" Русе Регионална библиотека "Любен Каравелов" Русе Хранилище 1962-01-01 Основен фонд - ползва се само за читалня 0.50 635434 Цб 246849 635434 1 0.26 N: стар фонд Дата: 01.01.1962 Книги  
Изтеглен Не е изгубен Не е повреден без рестрикции заемане за дома 220590 Регионална библиотека "Любен Каравелов" Русе Регионална библиотека "Любен Каравелов" Русе Детски отдел 1962-01-01 Детски отдел 0.00 22305/62 ДН 629/М 29 22305/62 2 0.00 N: стар фонд Дата: 01.01.1962 Дата инв: 02.10.2015 Бележки инв: Д2015 Книги Universal Decimal Classification
Vip Innovations Ltd, Rousse, Bulgaria 2025